| 000 | 00354 a2200169 4500 | ||
|---|---|---|---|
| 001 | 189112 | ||
| 020 | _a85-7416-110-1 | ||
| 040 | _cMagnum | ||
| 100 | _aSanta Rosa, Nereide Schilaro | ||
| 240 | 1 | 0 |
_aCrianças famosas _lpor |
| 245 | 1 | 0 | _aCrianças famosas |
| 300 | _a24 | ||
| 362 | 0 | _a2000 | |
| 440 | 1 | _aCallis | |
| 697 | _aPINTURAS | ||
| 942 | _cBK | ||
| 999 |
_c189112 _d189112 |
||